000
00181 a2200097 4500
020
_a
8426118895
041
_a
spa
100
_a
Perez, Rafael
245
_a
El sobre azul
942
_c
BK
999
_c
31546
_d
31544